Exile.

Exile portrays the filmmaker's own compelling journey behind the Iron Curtain to retrace her origins. Beautiful scenery and often haunting music accompanied her sojourn from Czechoslovakia into Prague and Austria where the film captures what it meant to be Jewish and survive during those dark...

Full description

Bibliographic Details
Corporate Author: Kanopy (Firm)
Format: Video
Language:English
Language Notes:In English, German
Published: [San Francisco, California, USA] : Kanopy Streaming, 2016.
Subjects:
Online Access:Connect to this streaming video

MARC

Tag First Indicator Second Indicator Subfields
LEADER 00000cgm a2200000ua 4500
001 in00003775021
006 m o c
007 vz uzazuu
007 cr una---unuuu
008 160324p20161984cau028 o o vleng d
005 20260324162657.9
028 5 2 |a 1161678  |b Kanopy 
035 |a (OCoLC)945762722 
035 |a (CaSfKAN)kan1161678 
040 |a VDU  |b eng  |c VDU  |d UtOrBLW 
245 0 0 |a Exile. 
264 1 |a [San Francisco, California, USA] :  |b Kanopy Streaming,  |c 2016. 
300 |a 1 online resource (1 video file, approximately 29 minutes) :  |b digital, .flv file, sound 
306 |a Playing time: 28 min. 
336 |a two-dimensional moving image  |b tdi  |2 rdacontent 
337 |a computer  |b c  |2 rdamedia 
338 |a online resource   |b cr  |2 rdacarrier 
347 |a data file  |2 rda 
500 |a In Process Record. 
500 |a Title from title frames. 
518 |a Originally produced by Canyon Cinema Foundation in 1984. 
520 |a  Exile portrays the filmmaker's own compelling journey behind the Iron Curtain to retrace her origins. Beautiful scenery and often haunting music accompanied her sojourn from Czechoslovakia into Prague and Austria where the film captures what it meant to be Jewish and survive during those dark Hitler years. - Josh Baran 
538 |a Mode of access: World Wide Web. 
546 |a In English, German 
500 |a Electronic resource. 
653 |a Documentaries 
653 |a Experimental/Alternative Media 
653 |a Jewish Studies 
700 1 |a Krasilovsky, Alexis,  |e filmmaker.  |0 http://id.loc.gov/authorities/names/n84167725 
710 2 |a Kanopy (Firm)  |0 http://id.loc.gov/authorities/names/no2014091415 
856 4 0 |u http://proxy.library.tamu.edu/login?url=https://texasam.kanopystreaming.com/node/161679  |z Connect to this streaming video  |t 0 
999 f f |s 260a362d-8363-35dd-b842-5ddb219dd5c1  |i 015849fe-909e-38e0-8354-8745b3e16b49  |t 0 
952 f f |a Texas A&M University  |b College Station  |c Electronic Resources  |s www_evans  |d Available Online  |t 0  |h No information provided 
998 f f |t 0  |l Available Online